Структурно-динамическая модель золоторудных месторождений, образованных в несланцевом и черносланцевом субстрате. Часть 1. Берикульское месторождение (Кузнецкий Алатау); Т. 1: Полезные ископаемые

Библиографические подробности
Источник:Т. 1: Полезные ископаемые.— 2008.— С. 414-436
Другие авторы: Кучеренко И. В. Игорь Васильевич, Гаврилов Р. Ю. Роман Юрьевич, Мартыненко В. Г., Верхозин А. В.
Язык:русский
Опубликовано: 2008
Предметы:
Формат: Статья
Запись в KOHA:https://koha.lib.tpu.ru/cgi-bin/koha/opac-detail.pl?biblionumber=166686

MARC

LEADER 00000naa2a2200000 4500
001 166686
005 20231215113812.0
035 |a (RuTPU)RU\TPU\book\180799 
090 |a 166686 
100 |a 20091006d2008 k y0rusy50 ca 
101 0 |a rus 
102 |a RU 
200 1 |a Структурно-динамическая модель золоторудных месторождений, образованных в несланцевом и черносланцевом субстрате. Часть 1. Берикульское месторождение (Кузнецкий Алатау)  |f И. В. Кучеренко [и др.] 
320 |a Библиогр.: 65 назв. 
463 0 |0 (RuTPU)RU\TPU\book\173621  |y 98298-383-7  |t Т. 1: Полезные ископаемые  |v С. 414-436  |d 2008  |p 623 с. 
610 1 |a золото 
610 1 |a месторождения 
610 1 |a золоторудные месторождения 
610 1 |a Берикульское месторождение 
610 1 |a мезотермальные месторождения 
610 1 |a динамические модели 
610 1 |a Кузнецкий Алатау 
610 1 |a труды учёных ТПУ 
701 1 |a Кучеренко  |b И. В.  |c российский геолог  |c профессор Томского политехнического университета  |f 1937-  |g Игорь Васильевич  |3 (RuTPU)RU\TPU\pers\13904 
701 1 |a Гаврилов  |b Р. Ю.  |c российский геолог  |c доцент Томского политехнического университета, кандидат геолого-минералогических наук  |f 1978-  |g Роман Юрьевич  |3 (RuTPU)RU\TPU\pers\24796  |9 11013 
701 1 |a Мартыненко  |b В. Г. 
701 1 |a Верхозин  |b А. В. 
801 1 |a RU  |b 63413507  |c 20091006 
942 |c BK